000 01010nam a22002177a 4500
999 _c12972
_d12972
003 AR-CdUCM
008 190410b ||||| |||| 00| 0 spa d
040 _aMUNICIPALIDAD PROVINCIAL DEL CUSCO
_cBIBLIOTECA MUNICIPAL DEL CUSCO
082 _a973 /
_bF26
100 _aFaulkner, Harold Underwood
_931114
245 _aVida del pueblo norteamericano /
260 _aMéxico :
_bFondo de cultura económica,
_c1942.
300 _a405 páginas ;
_c21 cm.
440 _aColección de obras históricas.
_931115
500 _aHistorias nacionales II.
505 _aContenido :Los pueblos del mundo se reúnen en Norteamérica -- La naturaleza prepara el escenario para el experimento americano -- Los padres escriben un documento político básico y establecen una unión mas perfecta -- Negociantes, diplomáticos y soldados ensanchan el mapa -- Norteamérica crece por sus fronteras ...
650 _aDemocracia.
_92598
650 _aEstados Unidos.
_91805
942 _2ddc
_cLIBROS
945 _arum
_d2019-04-10